Multiple Choice City Quiz - Wichita - Statistics

General Stats
  • This quiz has been taken 59 times
  • The average score is 6 of 10
Answer Stats
Question Answer % Correct
What is Wichita named after? A tribe
90%
This explorer came to the area to find Quivira, a city made of gold, but in reality, the land was empty. Who was he? Francisco de Coronado
73%
What river does Wichita lie on? Arkansas
71%
Wichita is home to an airport named after which U.S. president? Dwight D. Eisenhower
71%
What symbol of Wichita was made by Francis Blackbear Bosin? The Keeper of the Plains
61%
Which one of these flags is Wichita's?
51%
Which one of these fast-food chains was founded in Wichita? White Castle
49%
What is Wichita the "Capital of the World" for? Air
44%
Wichita was a trading post for cattle drives that lay on which trail? Chisholm
39%
Which one of the following is a sister city of Wichita? Orléans, France
32%
No matching quizzes found
Score Distribution
Percent of People with Each Score
Percentile by Number Answered
Your Score History
You have not taken this quiz